Diseño de un sello mecánico para el eje de una turbina hidraúlica vertical

Guardado en:
書目詳細資料
主要作者: Aragón Arrieta, Paola Rebeca
其他作者: Pérez Ramírez, Leonardo Andrés, Bolaños Céspedes, Freddy, 1972- Director del TFG
格式: 圖書
語言:Spanish
出版: [San José, Costa Rica] 2015
主題:
標簽: 添加標簽
沒有標簽, 成為第一個標記此記錄!

MARC

LEADER 00000nam a22000007a 4500
003 012283
005 20240522142056.0
008 151027b2015 cr a|||| |||| 00| 0 spa d
040 |c cru CEDI  
090 |a TFG 7447 
100 |9 1838  |a Aragón Arrieta, Paola Rebeca 
245 |a Diseño de un sello mecánico para el eje de una turbina hidraúlica vertical  
260 |a  [San José, Costa Rica]  |c 2015 
500 |a Proyecto de graduación (licenciatura en ingeniería mecánica)--Universidad de Costa Rica. Facultad de Ingeniería. Escuela de Ingeniería Mecánica 
650 |x TURBINAS HIDRAULICAS  |x INSTITUTO COSTARRICENSE DE ELECTRICIDAD  |x INSTITUTO COSTARRICENSE DE ELECTRICIDAD. PROYECTO HIDROELECTRICO TORO I   |9 1841 
700 |9 1839  |a Pérez Ramírez, Leonardo Andrés 
700 |a  Bolaños Céspedes, Freddy, 1972-  |d Director del TFG   |9 1840 
942 |c TFG 
999 |c 14295  |d 14295